Rabica the mystic & her fellow-saints in Islam: being the life and teachings of Rābiʻa al-ʻAdawiyya Al-Qaysiyya of Bașra together with some account of the place of the women saints in Islām / (Record no. 62748)

000 -LEADER
fixed length control field 01499pam a2200325 a 4500
001 - CONTROL NUMBER
control field 951139
003 - CONTROL NUMBER IDENTIFIER
control field NUST - PNEC
005 - DATE AND TIME OF LATEST TRANSACTION
control field 20170116180756.0
008 - FIXED-LENGTH DATA ELEMENTS--GENERAL INFORMATION
fixed length control field 840329r19841928enk b 001 0beng
010 ## - LIBRARY OF CONGRESS CONTROL NUMBER
LC control number 84007655
020 ## - INTERNATIONAL STANDARD BOOK NUMBER
International Standard Book Number 052126779X
020 ## - INTERNATIONAL STANDARD BOOK NUMBER
International Standard Book Number 0521318637 (pbk.)
040 ## - CATALOGING SOURCE
Original cataloging agency DLC
Transcribing agency LIBRARY
Modifying agency DLC
050 00 - LIBRARY OF CONGRESS CALL NUMBER
Classification number BP80.R3
Item number S6 1984
082 00 - DEWEY DECIMAL CLASSIFICATION NUMBER
Classification number 297.409 SMI
-- B
Edition number 19
100 1# - MAIN ENTRY--PERSONAL NAME
Personal name Smith, Margaret,
Dates associated with a name 1884-1970.
245 10 - TITLE STATEMENT
Title Rabica the mystic & her fellow-saints in Islam: being the life and teachings of Rābiʻa al-ʻAdawiyya Al-Qaysiyya of Bașra together with some account of the place of the women saints in Islām /
Remainder of title being the life and teachings of Rābiʻa al-ʻAdawiyya Al-Qaysiyya of Bașra together with some account of the place of the women saints in Islām /
Statement of responsibility, etc. by Margaret Smith ; with a new introduction by Annemarie Schimmel.
260 ## - PUBLICATION, DISTRIBUTION, ETC.
Place of publication, distribution, etc. Cambridge [Cambridgeshire] ;
-- New York :
Name of publisher, distributor, etc. Cambridge University Press,
Date of publication, distribution, etc. 1984.
300 ## - PHYSICAL DESCRIPTION
Extent xxxv, 219 p. ;
Dimensions 23 cm.
500 ## - GENERAL NOTE
General note Originally published: London : Cambridge University Press, 1928.
500 ## - GENERAL NOTE
General note Includes indexes.
504 ## - BIBLIOGRAPHY, ETC. NOTE
Bibliography, etc. note Bibliography: p. [205]-209.
600 00 - SUBJECT ADDED ENTRY--PERSONAL NAME
Personal name Rābiʻah al-ʻAdawīyah,
Dates associated with a name -801?
650 #0 - SUBJECT ADDED ENTRY--TOPICAL TERM
Topical term or geographic name entry element Sufism.
General subdivision Islam
650 #0 - SUBJECT ADDED ENTRY--TOPICAL TERM
Topical term or geographic name entry element Sufis
General subdivision Biography.
740 0# - ADDED ENTRY--UNCONTROLLED RELATED/ANALYTICAL TITLE
Uncontrolled related/analytical title Rābiʻa the mystic and her fellow-saints in Islām.
856 42 - ELECTRONIC LOCATION AND ACCESS
Materials specified Publisher description
Uniform Resource Identifier <a href="http://www.loc.gov/catdir/description/cam031/84007655.html">http://www.loc.gov/catdir/description/cam031/84007655.html</a>
906 ## - LOCAL DATA ELEMENT F, LDF (RLIN)
a 7
b cbc
c orignew
d 1
e ocip
f 19
g y-gencatlg
942 ## - ADDED ENTRY ELEMENTS (KOHA)
Source of classification or shelving scheme
Koha item type Book
Holdings
Withdrawn status Lost status Source of classification or shelving scheme Damaged status Not for loan Permanent Location Current Location Shelving location Date acquired Source of acquisition Cost, normal purchase price Total Checkouts Full call number Barcode Date last seen Cost, replacement price Price effective from Koha item type
          Pakistan Navy Engineering College (PNEC) Pakistan Navy Engineering College (PNEC)   05/20/1985 Sasi book store/Library / Reference Grant 152.20   297.409 SMI PNECLIB-006366 04/04/2015 152.20 05/20/1985 Book
© 2023 Central Library, National University of Sciences and Technology. All Rights Reserved.